<?xml version="1.0" encoding="UTF-8"?>
<record
    xmlns:xsi="http://www.w3.org/2001/XMLSchema-instance"
    xsi:schemaLocation="http://www.loc.gov/MARC21/slim http://www.loc.gov/standards/marcxml/schema/MARC21slim.xsd"
    xmlns="http://www.loc.gov/MARC21/slim">

  <leader>00789nam0a22002411  4500</leader>
  <controlfield tag="001">rc\2751368</controlfield>
  <controlfield tag="005">20250529145001.0</controlfield>
  <datafield tag="035" ind1=" " ind2=" ">
    <subfield code="a">(NLR Aleph) 006878266</subfield>
  </datafield>
  <datafield tag="090" ind1=" " ind2=" ">
    <subfield code="a">7019916</subfield>
    <subfield code="c">7019916</subfield>
  </datafield>
  <datafield tag="100" ind1=" " ind2=" ">
    <subfield code="a">20110915d1939    |||y0rusy50      ca</subfield>
  </datafield>
  <datafield tag="101" ind1="0" ind2=" ">
    <subfield code="a">rus</subfield>
  </datafield>
  <datafield tag="102" ind1=" " ind2=" ">
    <subfield code="a">RU</subfield>
  </datafield>
  <datafield tag="105" ind1=" " ind2=" ">
    <subfield code="a">c   z   |||||</subfield>
  </datafield>
  <datafield tag="200" ind1="1" ind2=" ">
    <subfield code="a">&#x41C;&#x430;&#x442;&#x44D; &#x417;&#x430;&#x43B;&#x43A;&#x430;</subfield>
    <subfield code="e">[&#x412;&#x435;&#x43D;&#x433;&#x435;&#x440;. &#x43F;&#x438;&#x441;&#x430;&#x442;&#x435;&#x43B;&#x44C; - &#x433;&#x435;&#x440;&#x43E;&#x439; &#x438;&#x441;&#x43F;&#x430;&#x43D;. &#x43E;&#x441;&#x432;&#x43E;&#x431;&#x43E;&#x434;&#x438;&#x442;. &#x432;&#x43E;&#x439;&#x43D;&#x44B;, &#x433;&#x435;&#x43D;&#x435;&#x440;&#x430;&#x43B; &#x41F;&#x430;&#x443;&#x43B;&#x44C; &#x41B;&#x443;&#x43A;&#x430;&#x447;]</subfield>
  </datafield>
  <datafield tag="210" ind1=" " ind2=" ">
    <subfield code="a">[&#x41C;&#x43E;&#x441;&#x43A;&#x432;&#x430;]</subfield>
    <subfield code="c">&#x41C;&#x43E;&#x43B;. &#x433;&#x432;&#x430;&#x440;&#x434;&#x438;&#x44F;</subfield>
    <subfield code="d">1939</subfield>
  </datafield>
  <datafield tag="215" ind1=" " ind2=" ">
    <subfield code="a">48 &#x441;.</subfield>
    <subfield code="c">&#x43F;&#x43E;&#x440;&#x442;&#x440;.</subfield>
    <subfield code="d">14 &#x441;&#x43C;.</subfield>
  </datafield>
  <datafield tag="225" ind1="1" ind2=" ">
    <subfield code="a">&#x413;&#x435;&#x440;&#x43E;&#x438;&#x447;&#x435;&#x441;&#x43A;&#x438;&#x435; &#x436;&#x438;&#x437;&#x43D;&#x438;</subfield>
  </datafield>
  <datafield tag="700" ind1=" " ind2="1">
    <subfield code="a">&#x413;&#x435;&#x440;&#x433;&#x435;&#x439;</subfield>
    <subfield code="b">&#x428;.</subfield>
    <subfield code="f">1896-1966</subfield>
    <subfield code="g">&#x428;&#x430;&#x43D;&#x434;&#x43E;&#x440;</subfield>
  </datafield>
  <datafield tag="801" ind1=" " ind2="0">
    <subfield code="a">RU</subfield>
    <subfield code="b">NLR</subfield>
    <subfield code="g">psbo</subfield>
  </datafield>
  <datafield tag="801" ind1=" " ind2="1">
    <subfield code="a">RU</subfield>
    <subfield code="b">ELAR</subfield>
    <subfield code="2">rusmarc</subfield>
  </datafield>
  <datafield tag="852" ind1=" " ind2=" ">
    <subfield code="a">NLR</subfield>
    <subfield code="j">39-8/1939</subfield>
  </datafield>
  <datafield tag="942" ind1=" " ind2=" ">
    <subfield code="c">BOOK</subfield>
  </datafield>
  <datafield tag="980" ind1=" " ind2=" ">
    <subfield code="a">NB</subfield>
  </datafield>
  <datafield tag="995" ind1=" " ind2=" ">
    <subfield code="5">2013-10-26</subfield>
    <subfield code="b">NLR02</subfield>
    <subfield code="c">NLR02</subfield>
    <subfield code="e">RFS</subfield>
    <subfield code="f">6878266-10</subfield>
    <subfield code="k">39-8/1939</subfield>
    <subfield code="o">0</subfield>
    <subfield code="r">BOOK</subfield>
    <subfield code="s">3981939_</subfield>
  </datafield>
</record>
